Disaster management / (Record no. 10191)
[ view plain ]
| 000 -LEADER | |
|---|---|
| fixed length control field | 00863cam a22002292 4500 |
| 001 - CONTROL NUMBER | |
| control field | 0000024219 |
| 005 - DATE AND TIME OF LATEST TRANSACTION | |
| control field | 20151217152258.0 |
| 008 - FIXED-LENGTH DATA ELEMENTS--GENERAL INFORMATION | |
| fixed length control field | 130619s xx 000 0 eng d |
| 040 ## - CATALOGING SOURCE | |
| Original cataloging agency | KABU |
| Transcribing agency | KABU |
| 245 10 - TITLE STATEMENT | |
| Title | Disaster management / |
| Statement of responsibility, etc. | editors, K. K. K. Singh ... [et al.]. |
| 250 ## - EDITION STATEMENT | |
| Edition statement | 1st ed. |
| 260 ## - PUBLICATION, DISTRIBUTION, ETC. (IMPRINT) | |
| Place of publication, distribution, etc. | New Delhi : |
| Name of publisher, distributor, etc. | APH, |
| Date of publication, distribution, etc. | 2010. |
| 300 ## - PHYSICAL DESCRIPTION | |
| Extent | 3 v. |
| 505 0# - FORMATTED CONTENTS NOTE | |
| Formatted contents note | Contents: V. 1 Natural disasters - V. II Environmental disasters - V. III Manmade disasters. |
| 650 #0 - SUBJECT ADDED ENTRY--TOPICAL TERM | |
| Topical term or geographic name as entry element | Disasters. |
| -- | 0000087643 |
| 700 1# - ADDED ENTRY--PERSONAL NAME | |
| Personal name | Singh, K. K. K. |
| -- | 0000184199 |
| 852 1# - LOCATION | |
| -- | p12380 KES (3 v. set) |
| 852 1# - LOCATION | |
| -- | p12380 KES (3 v. set) |
| 852 1# - LOCATION | |
| -- | p12380 KES (3 v. set) |
| 908 ## - PUT COMMAND PARAMETER (RLIN) | |
| Put command parameter | 130619 |
| 950 ## - LOCAL HOLDINGS (RLIN) | |
| -- | 1 |
| Withdrawn status | Lost status | Source of classification or shelving scheme | Not for loan | Home library | Current library | Date acquired | Total Checkouts | Full call number | Barcode | Date last seen | Price effective from | Koha item type | Date last checked out |
|---|---|---|---|---|---|---|---|---|---|---|---|---|---|
| Library of Congress Classification | Kabarak, Main Campus | Kabarak, Main Campus | 17/12/2015 | HV551.5 .I4D57 2010 V. I c. I | 015254 | 17/12/2015 | 17/12/2015 | General Collection | |||||
| Library of Congress Classification | Kabarak, Main Campus | Kabarak, Main Campus | 17/12/2015 | HV551.5 .I4D57 2010 V. II c. I | 015252 | 17/12/2015 | 17/12/2015 | General Collection | |||||
| Library of Congress Classification | Kabarak, Main Campus | Kabarak, Main Campus | 17/12/2015 | 1 | HV551.5 .I4D57 2010 V. III c. I | 015255 | 15/02/2019 | 17/12/2015 | General Collection | 31/01/2019 |